000 nam a22 a 4500
999 _c404
_d404
003 AKMAL
005 20170503155307.0
008 170503s1995 my a00 may d
020 _a9836248382 (kkt.):
_cRM 8.00
040 _aAKMAL
082 0 4 _a080 ASM
090 _a080
_bASM
100 _aAsmah Haji Omar,
_cDato',
_d1940-
_9924
245 1 0 _aWacana temu duga dan wawancara /
_cAsmah Haji Omar
260 _aKuala Lumpur :
_bDewan Bahasa dan Pustaka,
_c1995
300 _ax, 68ms. ;
_c22cm
500 _aMengandungi indeks
504 _aBibliografi: ms. 65
650 _aInterviews
_9925
942 _2ddc
_cBOOK
950 _lAKMAL